O Canada Bilingual lyrics - Statistics

General Stats
  • This quiz has been taken 115 times
  • The average score is 40 of 58
Answer Stats
Hint Answer % Correct
1 O
100%
43 O
100%
51 O
100%
2 Canada
99%
44 Canada
99%
52 Canada
99%
25 la
92%
5 and
89%
41 and
89%
7 land
87%
39 land
87%
3 our
87%
38 our
87%
4 home
86%
6 native
86%
8 true
75%
9 patriot
73%
12 all
72%
15 command
72%
11 in
72%
10 love
70%
13 of
66%
17 ton
66%
27 ton
66%
22 il
65%
16 car
63%
31 épopée
62%
20 porter
62%
24 porter
62%
14 us
62%
45 we
62%
53 we
62%
26 croix
61%
29 est
61%
21 l'épée
61%
30 une
61%
18 bras
59%
49 for
59%
57 for
59%
28 histoire
59%
19 sait
59%
23 sait
59%
46 stand
59%
54 stand
59%
50 thee
59%
58 thee
59%
32 des
58%
47 on
58%
55 on
58%
33 plus
58%
36 God
56%
48 guard
56%
56 guard
56%
42 free
55%
40 glorious
54%
37 keep
54%
35 exploits
49%
34 brilliants
27%
No matching quizzes found
Score Distribution
Percent of People with Each Score
Percentile by Number Answered
Your Score History
You have not taken this quiz